Qu'est-ce que l'humain? /

Saved in:
Bibliografiske detaljer
Hovedforfatter: Picq, Pascal
Andre forfattere: Serres, Michel, Vincent, Jean Didier
Format: Bog
Sprog:fransk
Udgivet: Paris : Cité des sciences [et] de l'industrie : Le Pommier, 2003
Serier:College de la cite
Tags: Tilføj Tag
Ingen Tags, Vær først til at tagge denne postø!

MARC

LEADER 00000nam a22000007i 4500
001 IT\ICCU\UBO\3864699
003 ItRI
005 20260115231839.0
008 110608s2003 fr |||||| ||||| |||||c
020 |a 2746501309 
040 |b ita  |c importazione bologna sebina 
041 7 |a fre  |2 ISO-639-2 
100 1 |a Picq, Pascal  |0 IT\ICCU\VIAV\100960 
245 1 0 |a Qu'est-ce que l'humain? /  |c Pascal Picq ; Michel Serres ; Jean-Didier Vincent. 
260 |a Paris :  |b Cité des sciences [et] de l'industrie :  |b Le Pommier,  |c 2003 
300 |a 123 p. ;  |c 16 cm. 
700 1 |a Serres, Michel  |0 IT\ICCU\CFIV\077023 
700 1 |a Vincent, Jean Didier  |0 IT\ICCU\CFIV\081582 
830 0 |a College de la cite  |0 IT\ICCU\UBO\2568970 
942 |2 ddc  |c BK  |n 0 
952 |0 0  |1 0  |4 0  |6 DOC_128_000000000000000_PIC  |7 0  |9 14148  |a BO  |b BO  |d 2026-01-15  |i 15099  |l 0  |o DOC 128 PIC  |p BO15099  |r 2026-01-15 23:18:39  |w 2026-01-15  |x [Sebina 5] [1 v.]  |y BK  |z 1 v. 
999 |c 12205  |d 12205